000 00508nam a2200193Ia 4500
005 20240823040847.0
008 240823s9999||||xx |||||||||||||| ||und||
020 _a978-93-80578-76-7
041 _aENGLISH
082 _A621.37 Q3
100 _aKamakshaiah S et al.
245 0 _aElectrical Measurements and Measuring Instruments
250 _a1st
260 _c2013
_bI.K International Publishing
500 _aYES
650 _aElectrical Measurement
_bElectrical
942 _cBK
999 _c204119
_d204119